00269nam a22001097a 4500008004100000020001800041041000800059080001600067100000600083101000800089245006200097181107b xxu||||| |||| 00| 0 eng d a9780071441230 aeng 2.3 THa610 a3 aSHM aTherapeutic Modalities In RehabilitationcWilliam.E.P